| 000 | 00578nam a2200217Ia 4500 | ||
|---|---|---|---|
| 003 | OSt | ||
| 005 | 20231221154755.0 | ||
| 008 | 210210b2008 xxu||||| |||| 00| 0 eng d | ||
| 020 | _a9780070635807 | ||
| 040 | _cAL | ||
| 041 | _aeng | ||
| 082 | _a658.15 BREP | ||
| 100 |
_aBREALEY (Richard A) _9146863 |
||
| 245 | _aPrinciples of corporate finance | ||
| 260 |
_aNew Delhi _bTata McGraw-Hill Publishing Company Ltd. _c2008 |
||
| 300 | _axxvii,1039 | ||
| 690 |
_aFinancial Management _9146868 |
||
| 700 |
_aMYERS (Stewart C) _9146869 |
||
| 906 | _a065907 | ||
| 942 |
_2ddc _cBK |
||
| 999 |
_c147151 _d147151 |
||